000
00303nam a22001217a 4500
040
_c
NUST
082
_a
604.2
_b
BHA
100
_a
BHATT N.D
245
_a
ELEMENTARY ENGINEERING DRAWING
260
_a
INDIA:
_b
CHAROTAR PUBLISHING HOUSE,
_c
1985.
650
_a
ENGINEERING DRAWING
_9
73872
942
_2
ddc
_c
BK
999
_c
615550
_d
615550